00459nam a22001457a 4500008004100000040005500041080001200096245005700108260006000165300001600225500001600241650001500257653001300272700002800285230503b |||||||| |||| 00| 0 eng d aNational Science LibrarycNational Science Library a547(73) aAdvances in organic chemistry: bMethods and results aNew York: bWiley-Interscience Publishers, Inc., c1972 avii, 387p.  aVol. 8 1972 aChemistry  aScience 10aTaylor, Edward C (Rd.)